<?xml version="1.0" encoding="UTF-8"?>
<record
    xmlns:xsi="http://www.w3.org/2001/XMLSchema-instance"
    xsi:schemaLocation="http://www.loc.gov/MARC21/slim http://www.loc.gov/standards/marcxml/schema/MARC21slim.xsd"
    xmlns="http://www.loc.gov/MARC21/slim">

  <leader>02630nas1a22003851i 4500</leader>
  <controlfield tag="001">RU\NLR\INFOCOMM\1000039555</controlfield>
  <controlfield tag="005">20240725224707.0</controlfield>
  <datafield tag="035" ind1=" " ind2=" ">
    <subfield code="a">(NLR Aleph) 002768327</subfield>
  </datafield>
  <datafield tag="090" ind1=" " ind2=" ">
    <subfield code="a">2295470</subfield>
    <subfield code="c">2295470</subfield>
  </datafield>
  <datafield tag="100" ind1=" " ind2=" ">
    <subfield code="a">20040221c1977    |||y0rusy50      ca</subfield>
  </datafield>
  <datafield tag="101" ind1="0" ind2=" ">
    <subfield code="a">rus</subfield>
  </datafield>
  <datafield tag="102" ind1=" " ind2=" ">
    <subfield code="a">RU</subfield>
  </datafield>
  <datafield tag="110" ind1=" " ind2=" ">
    <subfield code="a">zyu||||0|y0</subfield>
  </datafield>
  <datafield tag="200" ind1="1" ind2=" ">
    <subfield code="a">&#x413;&#x43B;&#x44F;&#x446;&#x438;&#x43E;&#x43B;&#x43E;&#x433;&#x438;&#x44F;</subfield>
    <subfield code="f">&#x413;&#x43E;&#x441;. &#x43A;&#x43E;&#x43C;. &#x421;&#x43E;&#x432;&#x435;&#x442;&#x430; &#x41C;&#x438;&#x43D;&#x438;&#x441;&#x442;&#x440;&#x43E;&#x432; &#x421;&#x421;&#x421;&#x420; &#x43F;&#x43E; &#x43D;&#x430;&#x443;&#x43A;&#x435; &#x438; &#x442;&#x435;&#x445;&#x43D;&#x438;&#x43A;&#x435; &#x410;&#x41D; &#x421;&#x421;&#x421;&#x420;. &#x412;&#x418;&#x41D;&#x418;&#x422;&#x418;</subfield>
  </datafield>
  <datafield tag="210" ind1=" " ind2=" ">
    <subfield code="a">&#x41C;.</subfield>
    <subfield code="d">1977-</subfield>
  </datafield>
  <datafield tag="225" ind1="1" ind2=" ">
    <subfield code="a">&#x418;&#x442;&#x43E;&#x433;&#x438; &#x43D;&#x430;&#x443;&#x43A;&#x438; &#x438; &#x442;&#x435;&#x445;&#x43D;&#x438;&#x43A;&#x438;</subfield>
  </datafield>
  <datafield tag="712" ind1="0" ind2="2">
    <subfield code="a">&#x412;&#x441;&#x435;&#x441;&#x43E;&#x44E;&#x437;&#x43D;&#x44B;&#x439; &#x438;&#x43D;&#x441;&#x442;&#x438;&#x442;&#x443;&#x442; &#x43D;&#x430;&#x443;&#x447;&#x43D;&#x43E;&#x439; &#x438; &#x442;&#x435;&#x445;&#x43D;&#x438;&#x447;&#x435;&#x441;&#x43A;&#x43E;&#x439; &#x438;&#x43D;&#x444;&#x43E;&#x440;&#x43C;&#x430;&#x446;&#x438;&#x438;</subfield>
    <subfield code="b">&#x41E;&#x442;&#x434;&#x435;&#x43B; &#x43D;&#x430;&#x443;&#x447;&#x43D;&#x44B;&#x445; &#x444;&#x43E;&#x43D;&#x434;&#x43E;&#x432;</subfield>
    <subfield code="4">570</subfield>
  </datafield>
  <datafield tag="801" ind1=" " ind2="1">
    <subfield code="a">RU</subfield>
    <subfield code="b">InfoComm</subfield>
    <subfield code="c">20040221</subfield>
  </datafield>
  <datafield tag="801" ind1=" " ind2="0">
    <subfield code="a">RU</subfield>
    <subfield code="b">NLR</subfield>
    <subfield code="g">PSBO</subfield>
  </datafield>
  <datafield tag="852" ind1=" " ind2=" ">
    <subfield code="a">NLR</subfield>
    <subfield code="j">&#x41F;7/1802</subfield>
  </datafield>
  <datafield tag="942" ind1=" " ind2=" ">
    <subfield code="c">SE</subfield>
  </datafield>
  <datafield tag="980" ind1=" " ind2=" ">
    <subfield code="a">RUSPER</subfield>
  </datafield>
</record>
